000 00701nam a2200193 a 4500
005 20210223121523.0
008 991125s1952 mx 000 0 spa u
035 _aUPN01000019261
049 _aLT
050 4 _aLB1601 M6.3
_bB3.3
100 1 _aBasurto García, Alfredo,
_d1900-1967
_931834
245 1 0 _aEnciclopedia escolar Minerva :
_bpara 3er. año de la escuela primaria /
_cpor Alfredo G. Basurto y José Martínez Aguilar.
260 _aMéxico :
_bM. Porrúa,
_c1952.
300 _a298 p. :
_bil.
440 0 _aColección de textos escolares Manuel Porrúa ;
_v7
650 4 _aEDUCACION PRIMARIA -
_vENCICLOPEDIAS
_917088
700 1 _aMartínez Aguilar, José,
_ecoaut.
_931171
905 _aLibro
999 _c19261
_d19261